Combinatorial, Linear, Integer and Nonlinear Optimization Apps : COLINA Grande /

Gespeichert in:
Bibliographische Detailangaben
1. Verfasser: Smith, J. MacGregor (autor)
Format: Buch
Sprache:Englisch
Veröffentlicht: Cham, Suiza : Springer, 2023, c2023
Schriftenreihe:(Springer Optimization and Its Applications ; 175)
Schlagworte:
Online-Zugang:Ver documento en línea
Tags: Tag hinzufügen
Keine Tags, Fügen Sie das erste Tag hinzu!

MARC

LEADER 00000nam^a2200000^a^4500
001 000613903
005 20251023000000.0
009 20260310133630.826
020 |a 978-3-030-75801-1 
037 |a Acervo ITESO - Biblioteca 
041 |a ING 
082 |a 519. 7  |b SMI 
100 |a Smith, J. MacGregor  |e (autor) 
245 1 0 |a Combinatorial, Linear, Integer and Nonlinear Optimization Apps :  |b COLINA Grande /  |c J.M. Smith. 
264 4 |a Cham, Suiza :  |b Springer,  |c 2023, c2023 
264 2 |a Cham, Suiza :  |b Springer Link [distribución],  |c 2025, c2025 
300 |a 1 libro electrónico en línea (XXIV, 529 p.) 
300 |a 1 recurso en línea 
336 |a datos para computadora  |b cod  |2 rdacontenido 
337 |a computadora  |b c  |2 rdamedio 
338 |a recurso en línea  |b cr  |2 rdasoporte 
440 1 |a (Springer Optimization and Its Applications ;  |v 175) 
506 0 |a Licencias ilimitadas 
521 |a 2025 BO Licenciatura en Ingeniería y Ciencia de Datos 
649 |a XX 
650 |a Programación de Enteros 
650 |a Programación Lineal 
650 |a Programación No Lineal 
650 |a Programación (Matemáticas) -  |x Tema Principal 
650 |a Programación (Software) 
650 |a Algoritmos 
650 |a Optimización Matemática -  |x Tema Principal 
650 |a Optimización 
650 |a Ciencia de Datos 
650 |a Ingeniería Computacional 
650 |a Matemáticas 
856 4 0 |u https://link-springer-com.ezproxy.iteso.mx/10.1007/978-3-030-75801-1  |y Ver documento en línea 
910 |a Fondo General 
920 |a Electrónicos - Libros en Línea 
930 |a Plataforma Digital 
905 |a 205 
901 |a 613903-1  |b IT2  |c EBO  |i C  |u 20250521 
902 |a https://opac.biblio.iteso.mx/vufind/Record/000613903